🚨 Red Map Quiz - Name Europe Countries - Statistics

General Stats
  • This quiz has been taken 59 times
  • The average score is 45 of 45
Answers on the Map
Answers color-coded by a green-red scale on the quiz's map according to % correct below.
 
Answer Stats
Answer % Correct
Albania
100%
Austria
100%
Belarus
100%
Belgium
100%
Bosnia andHerzegovina
100%
Bulgaria
100%
Croatia
100%
Czech Republic
100%
Denmark
100%
Estonia
100%
Finland
100%
France
100%
Germany
100%
Hungary
100%
Iceland
100%
Ireland
100%
Italy
100%
Latvia
100%
Lithuania
100%
Luxembourg
100%
Malta
100%
Moldova
100%
Monaco
100%
Montenegro
100%
Netherlands
100%
North Macedonia
100%
Norway
100%
Poland
100%
Portugal
100%
Romania
100%
Russia
100%
Serbia
100%
Slovakia
100%
Slovenia
100%
Spain
100%
Sweden
100%
Switzerland
100%
Ukraine
100%
United Kingdom
100%
Andorra
98%
Greece
98%
Liechtenstein
98%
San Marino
98%
Vatican City
98%
Kosovo
95%
No matching quizzes found
Score Distribution
Percent of People with Each Score
Percentile by Number Answered
Your Score History
You have not taken this quiz